| 000 | 00418nam a22001577a 4500 | ||
|---|---|---|---|
| 003 | OSt | ||
| 005 | 20150730122346.0 | ||
| 008 | 150730b20002009sp ||||| |||| 00| 0 c d | ||
| 020 | _a8489392226 | ||
| 040 |
_bcat _cCPC Girona |
||
| 245 |
_aGirona en el canvi de mil·leni _cRiera, Josep; Dalmau, Antoni (coordinadors) |
||
| 250 | _aEl Punt | ||
| 260 |
_aGirona _bEl Punt _c2000-2009 |
||
| 300 | _c22,8cm | ||
| 942 |
_2udc _cMON |
||
| 999 |
_c6885 _d6885 |
||